| Tag |
First Indicator |
Second Indicator |
Subfields |
| LEADER |
00000cam a2200000 4500 |
| 001 |
in00001885813 |
| 006 |
m | d | |
| 007 |
cr |n||||||||n |
| 008 |
830816s1732 ie |||| s 00||||eng d |
| 005 |
20260414180638.0 |
| 035 |
|
|
|a (CStRLIN)ESTCN1384
|
| 040 |
|
|
|a Cu-RivES
|c Cu-RivES
|d CStRLIN
|d Thomson Gale
|d UtOrBLW
|
| 100 |
1 |
|
|a Banks, John,
|d -1706.
|
| 240 |
1 |
0 |
|a Island queens
|
| 245 |
1 |
4 |
|a The Albion queens :
|b or, the death of Mary, Queen of Scotland. As it is acted at the Theatre-Royal, by His Majesty's servants. Written by Mr. Banks, ...
|
| 264 |
|
3 |
|a Dublin :
|b printed by S. Powell, for G. Risk, G. Ewing, and W. Smith,
|c 1732.
|
| 300 |
|
|
|a 70, 2 unnumbered pages ;
|c 12⁰.
|
| 336 |
|
|
|a text
|b txt
|2 rdacontent
|
| 337 |
|
|
|a computer
|b c
|2 rdamedia
|
| 338 |
|
|
|a online resource
|b cr
|2 rdacarrier
|
| 500 |
|
|
|a An altered version of 'The island queens', 1684.
|
| 500 |
|
|
|a With a final advertisement leaf.
|
| 500 |
|
|
|a Reproduction of original from the Bodleian Library (Oxford).
|
| 510 |
4 |
|
|a English Short Title Catalog,
|c ESTCN1384.
|
| 533 |
|
|
|a Electronic reproduction.
|b Farmington Hills, Mich. :
|c Thomson Gale,
|d 2003.
|n Available via the World Wide Web.
|n Access limited by licensing agreements
|7 s2003 miunns
|
| 500 |
|
|
|a Electronic resource.
|
| 830 |
|
0 |
|a Eighteenth century collections online.
|
| 856 |
4 |
0 |
|u http://proxy.library.tamu.edu/login?url=https://galenet.galegroup.com/servlet/ECCO?c=1&stp=Author&ste=11&af=BN&ae=N001384&tiPG=1&dd=0&dc=flc&docNum=CW106500953&vrsn=1.0&srchtp=a&d4=0.33&n=10&SU=0LRL+OR+0LRI&locID=txshracd2898
|z Full text online
|t 0
|
| 999 |
|
|
|a MARS
|
| 999 |
f |
f |
|s 8d544c83-a024-3416-99ae-4ed5a4853095
|i a36482d6-f24c-3be3-8f27-71b67c044ac2
|t 0
|
| 952 |
f |
f |
|a Texas A&M University
|b College Station
|c Electronic Resources
|s www_evans
|d Available Online
|t 0
|h No information provided
|
| 998 |
f |
f |
|t 0
|l Available Online
|